000 00666nam a22002297a 4500
005 20141112153351.0
008 141010b xxu||||| |||| 00| 0 eng d
020 _a019809857X
_c295.00
040 _aLoreto College
041 _aEnglish
082 _a324.2
_bCHA
100 _aChakrabarty,Bidyut
245 _aCoalition politics in India
_cBidyut Chakrabarty
260 _aNew Delhi
_bOxford University Press
_c2014
300 _axxix,213p
_b22cm.
440 _aOxford India short introductions
504 _aIncludes bibliographical references and index
650 _aIndia-Political parties
650 _aIndia-Politics
850 _aLCLIB
942 _cBK
999 _c39510
_d89989